000 00830nam a2200217Ii 4500
003 JO-AjNU
008 230605s9999||||xx |||||||||||||| ||und||
017 _a1995/223
040 _aJO-AjNU
_bara
_erda
_cJO-AjNU
041 _aara
050 1 4 _aJX1391.A22.1995
100 3 _a فهمي ، عبد القادر محمد ,
_eauthor
_99434
245 0 0 _aالنظام السياسي الدولي :دراسة في الاصول النظرية والخصائص المعاصرة
250 _a(د،ط)
264 3 1 _aبغداد : دار الشؤون الثقافية ، 1995
300 _a98ص
336 _atext
_btxt
_2rdacontent
337 _aunmediated
_bn
_2rdamedia
338 _avolume
_bnc
_2rdacarrier
650 4 _aالسياسة الدولية - دراسات -- السياسة الدولية - فلسفة ونظريات
_99435
999 _aA1300
_c4868
_d4868